000 00330nam a2200133Ia 4500
003 GCL
008 140319s9999 xx 000 0 ara d
040 _aGCL /
_cGCL
082 0 4 _a228
_bع ت
245 1 0 _aالتجويد وعلوم القرأن
260 _a[S.N] :
_bمكتبة وهبة ،
_c1990
300 _a110 ص
490 _a
999 _c35593
_d35593